Detroit Lions 2021 Roster - Statistics

General Stats
  • This quiz has been taken 65 times
  • The average score is 16 of 36
Answer Stats
Pos. Player % Correct
QB Jared Goff
100%
RB D'Andre Swift
95%
TE TJ Hockenson
93%
RB Jamaal Williams
85%
WR Tyrell Williams
85%
Coach Dan Campbell
65%
C Frank Ragnow
65%
QB David Blough
63%
CB Jeff Okudah
63%
WR Kalif Raymond
58%
QB Tim Boyle
58%
OT Penei Sewell
55%
WR Quintez Cephus
53%
P Jack Fox
50%
OT Taylor Decker
48%
LB Romeo Okwara
45%
LB Alex Anzalone
43%
CB Amani Oruwariye
40%
OG Jonah Jackson
40%
LB Trey Flowers
40%
S Tracy Walker
38%
DT Alim McNeil
33%
S Will Harris
33%
OG Halapoulivaati Vaitai
28%
DE Levi Onwuzurike
25%
DE Michael Brockers
25%
CB Ifeatu Melifonwu
23%
LB Jamie Collins
23%
WR Breshad Perriman
20%
LB Jalen Reeves-Maybin
18%
K Randy Bullock
15%
TE Darren Fells
13%
LB Jahlani Tavai
8%
DT John Penisini
8%
CB Quinton Dunbar
8%
WR Geronimo Allison
5%
No matching quizzes found
Score Distribution
Percent of People with Each Score
Percentile by Number Answered
Your Score History
You have not taken this quiz